header

Proceedings of the 13th Asian Conference on Solid State Ionics (Record no. 12638)

MARC details
000 -LEADER
fixed length control field 01566nam a2200361Ia 4500
245 10 - TITLE STATEMENT
Title Proceedings of the 13th Asian Conference on Solid State Ionics
260 ## - PUBLICATION, DISTRIBUTION, ETC. (IMPRINT)
Place of publication Singapore ;
-- Hackensack, NJ :
Name of publisher World Scientific,
Year of publication c2012.
300 ## - PHYSICAL DESCRIPTION
Number of Pages xxvi, 737 p.
500 ## - GENERAL NOTE
General note "Asian Society for Solid State Ionics."
650 #0 - SUBJECT ADDED ENTRY--TOPICAL TERM
Topical Term Semiconductors
Topical Term Solid state electronics
Topical Term Ions
700 1# - ADDED ENTRY--PERSONAL NAME
Personal name Chowdari, B. V. R.
856 40 - ELECTRONIC LOCATION AND ACCESS
Uniform Resource Identifier http://site.ebrary.com/lib/rucke/Doc?id=10688194

No items available.

© 2026 Rongo University
Contact us: librarian | system librarian | Rongo university